Welcome to Marium Abdulla Library

Embrace knowledge with a breath of fresh air.

Browse Collection

Marium Abdulla Library

Nelson visual communication and design. VCE units 1-4 (Record no. 13079)

MARC details
000 -LEADER
fixed length control field 00561nam a2200229Ia 4500
001 - CONTROL NUMBER
control field 20081
003 - CONTROL NUMBER IDENTIFIER
control field OSt
005 - DATE AND TIME OF LATEST TRANSACTION
control field 20250707132934.0
008 - FIXED-LENGTH DATA ELEMENTS--GENERAL INFORMATION
fixed length control field 211022s9999 xx 000 0 und d
020 ## - INTERNATIONAL STANDARD BOOK NUMBER
International Standard Book Number 9780170179669
040 ## - CATALOGING SOURCE
Transcribing agency IVS
082 ## - DEWEY DECIMAL CLASSIFICATION NUMBER
Classification number 741.6 GUT
Edition information 23
Item number 20081
100 ## - MAIN ENTRY--PERSONAL NAME
Personal name Guthrie, Kristen
245 #0 - TITLE STATEMENT
Title Nelson visual communication and design. VCE units 1-4
250 ## - EDITION STATEMENT
Edition statement Second ed.
260 ## - PUBLICATION, DISTRIBUTION, ETC.
Place of publication, distribution, etc. South Melbourne
260 ## - PUBLICATION, DISTRIBUTION, ETC.
Name of publisher, distributor, etc. Cengage Learning
260 ## - PUBLICATION, DISTRIBUTION, ETC.
Date of publication, distribution, etc. 2008
300 ## - PHYSICAL DESCRIPTION
Extent 280
650 ## - SUBJECT ADDED ENTRY--TOPICAL TERM
Topical term or geographic name entry element Communication
Form subdivision Visual
942 ## - ADDED ENTRY ELEMENTS (KOHA)
Koha item type Reference
Source of classification or shelving scheme Dewey Decimal Classification
Suppress in OPAC No
Holdings
Date last seen Total checkouts Full call number Barcode Price effective from Koha item type Lost status Damaged status Not for loan Collection Withdrawn status Home library Current library Shelving location Date acquired Source of acquisition Cost, normal purchase price
10/26/2021   741.6 GUT 20081 10/26/2021 Reference       Communication Design   Marium Abdulla Library Marium Abdulla Library Reference 10/07/2015 Academy Books 2180.15